000 00507nam a22001577a 4500
003 PILC
005 20150112093447.0
008 131016t xxu||||| |||| 00| 0 eng d
020 _a9780733993855
050 _aZ 52.5
_b.H392 2008
100 _aHawking, Paul
_929346
245 _aThe 2007 stable :
_bAn introduction to Microsoft office 2007 /
_cPaul Hawking .... [et,al.]
260 _aAustralia ;
_bPearson Education Australia .
_xyz2008.
300 _a573 pages :
_billustration ;
_c30 cm.
942 _2lcc
_cBK
999 _c14971
_d14971